Welcome to the Holygrace Academy Library

Please use search bar below to get started

MEASURE FOR MEASURE (Record no. 2828)

MARC details
000 -LEADER
fixed length control field 00390nam a22001577a 4500
020 ## - INTERNATIONAL STANDARD BOOK NUMBER
ISBN 978-81-248-0051-5
082 ## - DEWEY DECIMAL CLASSIFICATION NUMBER
Classification number 823
Item number SHA/M
100 ## - MAIN ENTRY--AUTHOR NAME
Personal name SHAKESPEARE, WILLIAM
245 ## - TITLE STATEMENT
Title MEASURE FOR MEASURE
Remainder of title SHORT STORY
246 ## - VARYING FORM OF TITLE
Title proper/short title MEASURE FOR MEASURE
Remainder of title SHORT STORY
260 ## - PUBLICATION, DISTRIBUTION, ETC. (IMPRINT)
Place of publication NEW DELHI
Name of publisher PEACOCK BOOKS
Year of publication 2013
300 ## - PHYSICAL DESCRIPTION
Number of Pages 94
520 ## - SUMMARY, ETC.
Summary, etc SHORT STORY
650 ## - SUBJECT ADDED ENTRY--TOPICAL TERM
Topical Term SHORT STORY
942 ## - ADDED ENTRY ELEMENTS (KOHA)
Koha item type Books
Holdings
Withdrawn status Lost status Collection code Home library Current library Shelving location Date acquired Source of acquisition Cost, normal purchase price Full call number Accession Number Koha item type
    Fiction Main Library Main Library SHELF 4-F ENGLISH CLASSICS 16/01/2019 Purchase 95.00 823 SHA/M 10445 Books